VPLYV PRIEČNYCH DIAFRAGIEM NA PÔSOBENIE TENKOSTENNÉHO PRÚTA OTVORENÉHO JEDNOSTENNÉHO PRIEREZU

Bibliographic Details
Main Author: Virčík, Juraj, 1937-1986 (Author)
Format: Article
Language:Slovak

MARC

LEADER 00000nab a2200000uu 4500
001 vtls010894985
003 SK-MaSNL
005 20260303142046.0
008 230222|1969 xo |||||||||||||||||slo|
015 |a SNBRB 
035 |a (urnnbn)urn:nbn:sk:snk:ar-006ha5 
035 |a (uuid)3478d5a3-87cc-42a8-8404-18baf2b81581 
035 |a urn:nbn:sk:snk-ab8nzl 
040 |a SNKBUCL  |b slo  |c SNKBUCL  |e AACR2 
041 0 |a slo 
044 |a xo  |c SK 
100 1 |a Virčík, Juraj,  |d 1937-1986  |4 aut  |9 196133 
245 1 0 |a VPLYV PRIEČNYCH DIAFRAGIEM NA PÔSOBENIE TENKOSTENNÉHO PRÚTA OTVORENÉHO JEDNOSTENNÉHO PRIEREZU  |c Juraj Virčík 
773 0 |t Stavebnícky časopis : mesačník pre teoretické problémy stavebných látok a konštrukcií  |g Roč. 17, č. 9 (1969), s. 697-714 
954 |a odborná, vedecká literatúra pôvodná (slovenská)  |2 lita 
958 |a OND 
958 |a EUIPO 
958 |a article10 
999 |c 1980461  |d 1982391